Gares de l'Isère - Statistiques

Statistiques générales
  • Ce quiz a été pris 361 fois
  • Le résultat moyen est 21 sur 42
Statistiques - réponses
Nombre de voyageurs Gares % Correct
8 121 338 Grenoble
96%
778 848 Grenoble Université - Gières
92%
1 519 335 Voiron
84%
1 947 973 Bourgoin Jallieu
80%
975 435 La Tour du Pin
80%
500 121 Echirolles
75%
795 250 Moirans
74%
2 063 036 Vienne
73%
189 917 Moirans Galifette
72%
195 125 Saint André le Gaz
72%
350 695 Voreppe
61%
75 715 Saint Egrève - Saint Robert
60%
564 893 Saint Marcellin
60%
311 232 L'Isle d'Abeau
58%
1 071 453 La Verpillière
52%
337 798 Rives
50%
272 270 Saint Quentin Fallavier
50%
390 250 Tullins - Fures
50%
16 068 Jarrie - Vizille
47%
196 065 Pont de Beauvoisin
47%
7 735 Vif
47%
9 141 Pont de Claix
46%
63 210 Cessieu
43%
182 708 Vinay
41%
140 007 Le Grand Lemps
40%
4 674 Les Abrets - Fitilieu
39%
724 659 Pontcharra sur Bréda
39%
35 314 Clelles - Mens
38%
384 902 Goncelin
38%
958 912 Le Péage de Roussillon
37%
340 306 Brignoud
36%
137 452 Réaumont - Saint Cassien
35%
96 987 Saint Hilaire - Saint Nazaire
34%
32 178 Monestier de Clermont
33%
76 626 Châbons
32%
192 506 Lancey
32%
241 445 Chasse sur Rhône
30%
36 427 Poliénas
30%
671 449 Saint Clair - Les Roches
29%
3 803 Saint Georges de Commiers
29%
27 792 Virieu sur Bourbre
28%
118 897 Estressin
26%
Aucun quiz correspondant
Distribution des résultats
% des personnes avec chaque résultat
Percentile par nombre de réponses
Votre historique - résultats
Vous n’avez pas pris ce quiz